[Event "Outaouais-ch B"]
[Site "Gatineau CAN"]
[Date "2007.05.08"]
[Round "3"]
[White "Kennedy, Phillip"]
[Black "Blouin, Francois"]
[Result "0-1"]
[WhiteElo "1351"]
[BlackElo "1533"]
[PlyCount "111"]
[GameId "2160767910693006"]
[EventDate "2007.04.24"]
[EventType "swiss"]
[EventRounds "6"]
[EventCountry "CAN"]

1. Nf3 Nf6 2. c4 e6 3. g3 Be7 4. Bg2 Nc6 5. d4 O-O 6. O-O Re8 7. Nc3 d5 8. c5 b6 9. Bf4 Nh5 10. Qd2 Nxf4 11. Qxf4 Ba6 12. Rfe1 bxc5 13. dxc5 Bxc5 14. Ne5 Nxe5 15. Qxe5 Qd6 16. Qxd6 cxd6 17. e3 Rab8 18. b3 Rec8 19. Bf1 Bxf1 20. Kxf1 Bb4 21. Nxd5 exd5 22. Red1 d4 23. exd4 Rc2 24. Rdc1 Rbc8 25. Rxc2 Rxc2 26. a3 Bc3 27. Rd1 Rd2 28. Rxd2 Bxd2 29. Ke2 Ba5 30. d5 Bb6 31. b4 a5 32. bxa5 Bxa5 33. Kd3 Bb6 34. f3 f5 35. Kc4 Bg1 36. h3 Bf2 37. g4 f4 38. a4 Kf7 39. a5 Kf6 40. Kb5 Ke5 41. Kc6 g5 42. a6 Bc5 43. Kd7 Kxd5 44. Ke7 Ke5 45. Kf7 d5 46. Kg7 d4 47. Kxh7 Kf6 48. Kh6 d3 49. Kh5 d2 50. h4 gxh4 51. g5+ Kf5 52. a7 Bxa7 53. Kh6 d1=Q 54. g6 Bd4 55. Kh7 Qg1 56. g7 0-1

[Event "Outaouais-ch B"]
[Site "Gatineau CAN"]
[Date "2007.05.08"]
[Round "3"]
[White "Libersan, Mattieu"]
[Black "Pepin, Christian"]
[Result "1/2-1/2"]
[WhiteElo "1895"]
[BlackElo "1960"]
[PlyCount "152"]
[GameId "2160767910693007"]
[EventDate "2007.04.24"]
[EventType "swiss"]
[EventRounds "6"]
[EventCountry "CAN"]
[SourceTitle "EXT 2022"]
[Source "ChessBase"]
[SourceDate "2021.10.06"]
[SourceVersion "1"]
[SourceVersionDate "2021.10.06"]
[SourceQuality "1"]

1. e4 c6 2. d4 d5 3. Nc3 dxe4 4. Nxe4 Nd7 5. Bc4 e6 6. Nf3 Ngf6 7. Neg5 h6 8. Nh3 Bd6 9. Bf4 Nb6 10. Bb3 Nbd5 11. Bxd6 Qxd6 12. O-O g5 13. Ne5 Rg8 14. Ng4 Nxg4 15. Qxg4 Nf6 16. Qg3 Ke7 17. Qxd6+ Kxd6 18. f3 Bd7 19. Nf2 Rac8 20. Nd3 Nd5 21. Rae1 Rcf8 22. Ne5 Bc8 23. c4 Nf4 24. g3 Ng6 25. c5+ Kc7 26. Nc4 Rd8 27. Nd6 Rxd6 28. cxd6+ Kxd6 29. Rf2 f5 30. Rfe2 Re8 31. Bc2 Rf8 32. Bb3 Rf6 33. Re5 Nf8 34. Kf2 Rf7 35. a4 Re7 36. a5 a6 37. Rd1 Nd7 38. Re2 Nf6 39. Rde1 Bd7 40. Re5 Nd5 41. Bxd5 cxd5 42. Rc1 Rg7 43. Re3 h5 44. Rb3 Bc6 45. Rb6 e5 46. Rcxc6+ bxc6 47. dxe5+ Kxe5 48. Rxc6 Rb7 49. Rb6 Rc7 50. Ke3 f4+ 51. gxf4+ gxf4+ 52. Kd3 Rc5 53. Rxa6 Rb5 54. Rh6 Rxb2 55. Rxh5+ Kd6 56. Rh6+ Kc5 57. a6 Ra2 58. h4 Ra3+ 59. Ke2 d4 60. Rf6 Ra2+ 61. Kd3 Ra3+ 62. Ke2 Ra2+ 63. Kd3 Ra3+ 64. Ke4 d3 65. a7 d2 66. Rf5+ Kc4 67. Rd5 Kc3 68. Kxf4 Rxa7 69. h5 Kc2 70. h6 d1=Q 71. Rxd1 Kxd1 72. Kg5 Ke2 73. f4 Ke3 74. f5 Ke4 75. f6 Ke5 76. Kg6 Ke6 1/2-1/2

[Event "Outaouais-ch B"]
[Site "Gatineau CAN"]
[Date "2007.05.08"]
[Round "3"]
[White "Rainey, Ivan"]
[Black "Maisonneuve, Paul"]
[Result "1-0"]
[WhiteElo "1229"]
[BlackElo "1453"]
[PlyCount "103"]
[GameId "2160767910693008"]
[EventDate "2007.04.24"]
[EventType "swiss"]
[EventRounds "6"]
[EventCountry "CAN"]
[SourceTitle "EXT 2022"]
[Source "ChessBase"]
[SourceDate "2021.10.06"]
[SourceVersion "1"]
[SourceVersionDate "2021.10.06"]
[SourceQuality "1"]

1. e4 d6 2. d4 Nf6 3. Nc3 g6 4. Nf3 Bg7 5. Bd3 O-O 6. O-O c5 7. dxc5 dxc5 8. Be3 b6 9. e5 Ng4 10. Be4 Nc6 11. Qxd8 Rxd8 12. Bxc6 Rb8 13. Bf4 Ba6 14. Rfd1 e6 15. Rxd8+ Rxd8 16. h3 Nh6 17. Bg5 Rc8 18. Bxh6 Bxh6 19. Bb5 Bb7 20. Rd1 a6 21. Be2 b5 22. Rd7 Bc6 23. Ra7 b4 24. Nd1 Bxf3 25. Bxf3 Bf4 26. Rxa6 Bxe5 27. Rc6 Rxc6 28. Bxc6 Kg7 29. a4 bxa3 30. bxa3 h6 31. a4 Bc7 32. Nb2 Kf6 33. Nc4 Ke7 34. a5 f6 35. a6 Bb8 36. Kf1 Kd8 37. Nb6 Kc7 38. Nd7 Ba7 39. Bb5 f5 40. Nf8 g5 41. Nxe6+ Kd6 42. Ng7 f4 43. c4 Kc7 44. Nf5 h5 45. Ne7 Kb6 46. Nc8+ Kc7 47. Nxa7 g4 48. hxg4 hxg4 49. f3 g3 50. Ke2 Kd6 51. Kd3 Ke6 52. Ke4 1-0

[Event "Outaouais-ch B"]
[Site "Gatineau CAN"]
[Date "2007.05.08"]
[Round "3"]
[White "Sunatori, Evelyne"]
[Black "Dupont, Claude"]
[Result "0-1"]
[WhiteElo "1095"]
[BlackElo "1430"]
[PlyCount "78"]
[GameId "2160767910693009"]
[EventDate "2007.04.24"]
[EventType "swiss"]
[EventRounds "6"]
[EventCountry "CAN"]
[SourceTitle "EXT 2022"]
[Source "ChessBase"]
[SourceDate "2021.10.06"]
[SourceVersion "1"]
[SourceVersionDate "2021.10.06"]
[SourceQuality "1"]

1. e4 c5 2. Nf3 d6 3. Bc4 e6 4. O-O Nc6 5. c3 Nf6 6. Qe2 Be7 7. d4 cxd4 8. cxd4 a6 9. Nc3 b5 10. Bb3 Na5 11. Bc2 Bb7 12. e5 Nd5 13. Nxd5 Bxd5 14. Be4 Bc4 15. Bd3 Bxd3 16. Qxd3 O-O 17. exd6 Qxd6 18. Bd2 Nc6 19. g3 Rad8 20. Bf4 Qd7 21. Be3 f6 22. Qb3 Kh8 23. Rfd1 Na5 24. Qc2 Rc8 25. Qe2 Nc4 26. Rac1 Qb7 27. b3 Nxe3 28. fxe3 Qe4 29. Rxc8 Rxc8 30. Kf2 Bb4 31. a4 Rc2 32. Nd2 Qf5+ 33. Ke1 Qd5 34. Qd3 Qh1+ 35. Ke2 Qxh2+ 36. Kf3 Rxd2 37. Rxd2 Qxd2 38. Qe4 Qd1+ 39. Kf4 g5# 0-1

[Event "Outaouais-ch B"]
[Site "Gatineau CAN"]
[Date "2007.05.15"]
[Round "4"]
[White "Charette, Jean Sebastien"]
[Black "Baril Boudreau, Felix"]
[Result "0-1"]
[WhiteElo "1480"]
[BlackElo "1427"]
[PlyCount "48"]
[GameId "2160767910693012"]
[EventDate "2007.04.24"]
[EventType "swiss"]
[EventRounds "6"]
[EventCountry "CAN"]
[SourceTitle "EXT 2022"]
[Source "ChessBase"]
[SourceDate "2021.10.06"]
[SourceVersion "1"]
[SourceVersionDate "2021.10.06"]
[SourceQuality "1"]

1. b3 e5 2. Bb2 Nc6 3. e4 Bc5 4. Nf3 d6 5. Bc4 Bg4 6. h3 Bh5 7. Nc3 Nge7 8. g4 Bg6 9. h4 h6 10. h5 Bh7 11. d3 Qd7 12. Qd2 Qxg4 13. Nh4 Nd4 14. Qd1 Qf4 15. Bc1 Qf6 16. Be3 c6 17. a4 O-O-O 18. Rb1 Bb4 19. Bd2 d5 20. Qg4+ Qe6 21. Qxg7 Rdg8 22. Qxh6 Qxh6 23. Bxh6 Bxc3+ 24. Kd1 dxc4 0-1

[Event "Outaouais-ch B"]
[Site "Gatineau CAN"]
[Date "2007.05.15"]
[Round "4"]
[White "Dallaire, Dominic"]
[Black "Iyamuremye, Gervais"]
[Result "1-0"]
[WhiteElo "1872"]
[BlackElo "1563"]
[PlyCount "75"]
[GameId "2160767910693013"]
[EventDate "2007.04.24"]
[EventType "swiss"]
[EventRounds "6"]
[EventCountry "CAN"]
[SourceTitle "EXT 2022"]
[Source "ChessBase"]
[SourceDate "2021.10.06"]
[SourceVersion "1"]
[SourceVersionDate "2021.10.06"]
[SourceQuality "1"]

1. e4 e5 2. Nf3 d6 3. Bc4 h6 4. d4 exd4 5. Nxd4 Nf6 6. Nc3 Be7 7. f3 Bd7 8. Be3 a6 9. Qd2 c5 10. Nde2 b5 11. Bd5 Bc6 12. O-O-O Qc7 13. g4 Nbd7 14. Nf4 Nb6 15. h4 b4 16. Bxc6+ Qxc6 17. Ncd5 Nbxd5 18. Nxd5 Nxd5 19. exd5 Qa4 20. Kb1 O-O-O 21. g5 h5 22. Rhe1 Qd7 23. Qd3 Kb7 24. f4 g6 25. Re2 Rhe8 26. Rde1 Bf8 27. a3 a5 28. Rf1 Qa4 29. f5 bxa3 30. Rf4 a2+ 31. Ka1 Qd7 32. fxg6 fxg6 33. Qxg6 Re7 34. Qxh5 Bg7 35. Bc1 Rde8 36. Rxe7 Rxe7 37. Kxa2 Kb6 38. Qf3 1-0

[Event "Outaouais-ch B"]
[Site "Gatineau CAN"]
[Date "2007.05.15"]
[Round "4"]
[White "Danilov, Alex"]
[Black "Libersan, Mattieu"]
[Result "1-0"]
[WhiteElo "1919"]
[BlackElo "1895"]
[PlyCount "56"]
[GameId "2160767910693014"]
[EventDate "2007.04.24"]
[EventType "swiss"]
[EventRounds "6"]
[EventCountry "CAN"]
[SourceTitle "EXT 2022"]
[Source "ChessBase"]
[SourceDate "2021.10.06"]
[SourceVersion "1"]
[SourceVersionDate "2021.10.06"]
[SourceQuality "1"]

1. c4 Nf6 2. g3 g6 3. Bg2 Bg7 4. Nc3 O-O 5. Nf3 d6 6. O-O c5 7. e3 Nc6 8. d4 Bg4 9. h3 Bxf3 10. Qxf3 Rc8 11. d5 Ne5 12. Qe2 Re8 13. f4 Ned7 14. Kh2 Nf8 15. e4 e6 16. Be3 exd5 17. cxd5 b5 18. Nxb5 Nxe4 19. Nxa7 Ra8 20. Nb5 Nxg3 21. Kxg3 Bd4 22. Rf3 Qe7 23. Kf2 Qh4+ 24. Kf1 Rab8 25. a4 Nd7 26. Qd2 Bxe3 27. Rxe3 Qxf4+ 28. Ke2 Qh2 1-0

[Event "Outaouais-ch B"]
[Site "Gatineau CAN"]
[Date "2007.05.15"]
[Round "4"]
[White "Desjardins, Michel"]
[Black "Groleau, Gilles"]
[Result "0-1"]
[WhiteElo "1880"]
[BlackElo "1930"]
[PlyCount "98"]
[GameId "2160767910693015"]
[EventDate "2007.04.24"]
[EventType "swiss"]
[EventRounds "6"]
[EventCountry "CAN"]
[SourceTitle "EXT 2022"]
[Source "ChessBase"]
[SourceDate "2021.10.06"]
[SourceVersion "1"]
[SourceVersionDate "2021.10.06"]
[SourceQuality "1"]

1. e4 c5 2. Nc3 Nc6 3. g3 g6 4. Bg2 Bg7 5. d3 d6 6. Be3 e5 7. Qd2 Nge7 8. Bh6 Bxh6 9. Qxh6 Ng8 10. Qd2 Be6 11. Nge2 Qd7 12. Nd5 Bxd5 13. exd5 Nce7 14. f4 f6 15. c4 h5 16. h4 Nh6 17. O-O-O O-O-O 18. Bh3 Ng4 19. Nc3 Kb8 20. Kb1 f5 21. Bxg4 fxg4 22. fxe5 dxe5 23. Qe3 Rhe8 24. Qxe5+ Qc7 25. Qxc7+ Kxc7 26. Rde1 Nf5 27. Rxe8 Rxe8 28. Ne4 b6 29. Rg1 Re5 30. a3 a5 31. Rg2 Nd4 32. Rf2 Rf5 33. Rxf5 gxf5 34. Nf6 f4 35. Ne4 Nf5 36. gxf4 g3 37. Ng5 Nxh4 38. Kc2 g2 39. Nh3 Nf3 40. f5 g1=Q 41. Nxg1 Nxg1 42. f6 Kd7 43. b4 Nf3 44. Kd1 Ne5 45. bxa5 bxa5 46. d4 Nxc4 47. dxc5 Ne3+ 48. Ke2 Nxd5 49. c6+ Ke6 0-1

[Event "Outaouais-ch B"]
[Site "Gatineau CAN"]
[Date "2007.05.15"]
[Round "4"]
[White "Guimond, Michel"]
[Black "Blouin, Francois"]
[Result "1/2-1/2"]
[WhiteElo "1817"]
[BlackElo "1533"]
[PlyCount "71"]
[GameId "2160767910693016"]
[EventDate "2007.04.24"]
[EventType "swiss"]
[EventRounds "6"]
[EventCountry "CAN"]
[SourceTitle "EXT 2022"]
[Source "ChessBase"]
[SourceDate "2021.10.06"]
[SourceVersion "1"]
[SourceVersionDate "2021.10.06"]
[SourceQuality "1"]

1. e4 e6 2. d4 d5 3. Nc3 Bb4 4. e5 c5 5. a3 Bxc3+ 6. bxc3 Qc7 7. Nf3 Bd7 8. a4 c4 9. Be2 Nc6 10. O-O O-O-O 11. a5 f6 12. Bf4 f5 13. Bc1 Be8 14. Ba3 Qd7 15. Bd6 Bh5 16. Qc1 Bxf3 17. Bxf3 Nh6 18. Qa3 Nf7 19. Bc5 Kb8 20. Rfb1 Ka8 21. Rb2 Rb8 22. Rab1 g6 23. Rb5 h5 24. Rb6 g5 25. Qa4 g4 26. Be2 h4 27. f3 h3 28. fxg4 hxg2 29. gxf5 exf5 30. Bf3 Qe6 31. a6 Qh6 32. axb7+ Rxb7 33. Bxg2 Qxh2+ 34. Kf1 Qf4+ 35. Kg1 Qh2+ 36. Kf1 1/2-1/2

[Event "Outaouais-ch B"]
[Site "Gatineau CAN"]
[Date "2007.05.15"]
[Round "4"]
[White "Kennedy, Phillip"]
[Black "Jiang, Qizhe"]
[Result "1-0"]
[WhiteElo "1351"]
[BlackElo "940"]
[PlyCount "61"]
[GameId "2160767910693017"]
[EventDate "2007.04.24"]
[EventType "swiss"]
[EventRounds "6"]
[EventCountry "CAN"]

1. Nf3 Nc6 2. c4 e5 3. d4 d6 4. dxe5 dxe5 5. Qxd8+ Kxd8 6. Ng5 Ke8 7. Bd2 Be7 8. Nc3 Bxg5 9. Bxg5 Nf6 10. Bxf6 gxf6 11. Nd5 Nd4 12. Nxc7+ Kd8 13. Nxa8 Nc2+ 14. Kd2 Nxa1 15. e4 f5 16. Bd3 f4 17. Rxa1 Be6 18. c5 Kd7 19. Bb5+ Kd8 20. c6 bxc6 21. Bxc6 Bd7 22. Rc1 Rg8 23. g3 fxg3 24. hxg3 Bxc6 25. Rxc6 Kd7 26. Rc7+ Ke6 27. Rxa7 Rd8+ 28. Ke3 f5 29. Nc7+ Kf6 30. Nd5+ Kg5 31. Rxh7 1-0

[Event "Outaouais-ch B"]
[Site "Gatineau CAN"]
[Date "2007.05.15"]
[Round "4"]
[White "Lemieux, Richard"]
[Black "Charland, Roger"]
[Result "0-1"]
[WhiteElo "1617"]
[BlackElo "1528"]
[PlyCount "116"]
[GameId "2160767910693018"]
[EventDate "2007.04.24"]
[EventType "swiss"]
[EventRounds "6"]
[EventCountry "CAN"]
[SourceTitle "EXT 2022"]
[Source "ChessBase"]
[SourceDate "2021.10.06"]
[SourceVersion "1"]
[SourceVersionDate "2021.10.06"]
[SourceQuality "1"]

1. e4 Nf6 2. e5 Nd5 3. c4 Nb6 4. Nf3 d6 5. Nc3 Bg4 6. h3 Bh5 7. exd6 exd6 8. b3 Be7 9. Be2 O-O 10. d4 c5 11. d5 Bf6 12. Bd2 Bxf3 13. Bxf3 N6d7 14. O-O Ne5 15. Be4 Ng6 16. Qh5 Re8 17. Rae1 Nd7 18. f4 Bd4+ 19. Kh1 Nf6 20. Qf5 Bxc3 21. Bxc3 Nxe4 22. Rxe4 Rxe4 23. Qxe4 Qe8 24. Re1 Qxe4 25. Rxe4 f6 26. g3 Kf7 27. Re6 Rd8 28. Kg2 h5 29. Kf3 f5 30. g4 fxg4+ 31. hxg4 h4 32. f5 Nf8 33. Re2 Nd7 34. g5 g6 35. f6 Re8 36. Rh2 Rh8 37. Rh3 a6 38. Kg4 b5 39. Ba5 Ne5+ 40. Kf4 Ke8 41. Bc3 Nf7 42. Re3+ Kf8 43. Kg4 b4 44. Bb2 h3 45. Rxh3 Rxh3 46. Kxh3 Nxg5+ 47. Kg4 Ne4 48. Kf4 Nc3 49. Kg5 Kf7 50. Bc1 Nxa2 51. Bf4 Nc3 52. Bxd6 Ne4+ 53. Kf4 Nxd6 54. Ke5 Nb7 55. d6 g5 56. d7 g4 57. Kf4 Kxf6 58. Kxg4 Ke6 0-1

[Event "Outaouais-ch B"]
[Site "Gatineau CAN"]
[Date "2007.05.15"]
[Round "4"]
[White "Levesque, Andre"]
[Black "Berthiaume, Patrick"]
[Result "1/2-1/2"]
[WhiteElo "1414"]
[BlackElo "1041"]
[PlyCount "116"]
[GameId "2160767910693019"]
[EventDate "2007.04.24"]
[EventType "swiss"]
[EventRounds "6"]
[EventCountry "CAN"]
[SourceTitle "EXT 2022"]
[Source "ChessBase"]
[SourceDate "2021.10.06"]
[SourceVersion "1"]
[SourceVersionDate "2021.10.06"]
[SourceQuality "1"]

1. e4 e5 2. Nc3 Nf6 3. Bc4 Bc5 4. Nf3 Nc6 5. a3 O-O 6. Nxe5 Nxe5 7. Bb3 Bb6 8. O-O Ba5 9. d4 Nc6 10. e5 Ne8 11. Ne2 d6 12. d5 Nxe5 13. h3 Nf6 14. Ng3 b6 15. c4 Bb7 16. Bc2 c5 17. dxc6 Nxc6 18. b4 Nxb4 19. axb4 Bxb4 20. Ba3 Bxa3 21. Rxa3 Qc7 22. Nf5 Qxc4 23. Nxd6 Qd5 24. Qxd5 Bxd5 25. Nf5 Bc4 26. Re1 Be6 27. Rae3 Bxf5 28. Bxf5 a5 29. Be4 Nxe4 30. Rxe4 a4 31. Rb4 Rfb8 32. Ra1 a3 33. Rb3 a2 34. Rb2 b5 35. Rbxa2 Rxa2 36. Rxa2 b4 37. Kf1 b3 38. Rb2 f6 39. Ke2 Kf7 40. Kd3 Ke6 41. Kc3 Ke5 42. Kd3 Kd5 43. Kc3 Ke4 44. Rxb3 Rxb3+ 45. Kxb3 Kd3 46. Kb4 Ke2 47. f4 g5 48. f5 h5 49. Kc4 g4 50. Kd5 Kf2 51. hxg4 hxg4 52. Ke6 Kxg2 53. Kxf6 g3 54. Ke6 Kf2 55. f6 g2 56. f7 g1=Q 57. f8=Q+ Kg2 58. Qg7+ Kf1 1/2-1/2

[Event "Outaouais-ch B"]
[Site "Gatineau CAN"]
[Date "2007.05.15"]
[Round "4"]
[White "Maisonneuve, Paul"]
[Black "Sunatori, Evelyne"]
[Result "1-0"]
[WhiteElo "1453"]
[BlackElo "1095"]
[PlyCount "123"]
[GameId "2160767910693020"]
[EventDate "2007.04.24"]
[EventType "swiss"]
[EventRounds "6"]
[EventCountry "CAN"]
[SourceTitle "EXT 2022"]
[Source "ChessBase"]
[SourceDate "2021.10.06"]
[SourceVersion "1"]
[SourceVersionDate "2021.10.06"]
[SourceQuality "1"]

1. d4 Nc6 2. Bf4 Nf6 3. e3 d6 4. Nf3 Bg4 5. Be2 Bxf3 6. Bxf3 e5 7. Bxc6+ bxc6 8. dxe5 Nd7 9. exd6 cxd6 10. Bxd6 Bxd6 11. Qxd6 c5 12. O-O Qb6 13. Qxb6 axb6 14. Nc3 O-O 15. Rfd1 Rfd8 16. Rd6 c4 17. Rad1 Ra7 18. Rxb6 h6 19. Rbd6 Kf8 20. R6d4 Rc7 21. a3 Ke7 22. Na4 Rdc8 23. h3 Nf6 24. Nb6 Rb8 25. Nxc4 Rd7 26. Ne5 Rxd4 27. Rxd4 Rxb2 28. Nc6+ Ke6 29. Nb4 Rb1+ 30. Kh2 Nh5 31. g4 Nf6 32. c4 Nd7 33. Na6 Ra1 34. Rd3 Ne5 35. Rc3 Kd6 36. c5+ Kc6 37. Nb4+ Kb5 38. c6 Nxc6 39. Nxc6 Ra2 40. Kg3 Ka4 41. h4 g6 42. Ne5 f6 43. Nxg6 Rd2 44. Ne7 Rd7 45. Ng8 h5 46. Nxf6 Rb7 47. Nxh5 Rf7 48. g5 Rf8 49. f4 Rh8 50. Nf6 Rf8 51. h5 Rh8 52. h6 Rf8 53. h7 Rd8 54. g6 Rf8 55. g7 Rxf6 56. g8=Q Rb6 57. Qa8+ Kb5 58. Rb3+ Kc5 59. Qa5+ Kc6 60. Rxb6+ Kd7 61. Qa7+ Kd8 62. Rb8# 1-0

[Event "Outaouais-ch B"]
[Site "Gatineau CAN"]
[Date "2007.05.15"]
[Round "4"]
[White "Pepin, Christian"]
[Black "Forget, David"]
[Result "1/2-1/2"]
[WhiteElo "1960"]
[BlackElo "1871"]
[PlyCount "40"]
[GameId "2160767910693021"]
[EventDate "2007.04.24"]
[EventType "swiss"]
[EventRounds "6"]
[EventCountry "CAN"]
[SourceTitle "EXT 2022"]
[Source "ChessBase"]
[SourceDate "2021.10.06"]
[SourceVersion "1"]
[SourceVersionDate "2021.10.06"]
[SourceQuality "1"]

1. e4 e6 2. d4 d5 3. Nc3 Bb4 4. e5 c5 5. a3 Bxc3+ 6. bxc3 Ne7 7. Be3 Nbc6 8. g3 O-O 9. Ne2 Nf5 10. Qd2 cxd4 11. cxd4 Nxe3 12. Qxe3 Qa5+ 13. Qd2 Bd7 14. Qxa5 Nxa5 15. Nc1 Rac8 16. Kd2 Rc7 17. Na2 Rfc8 18. Bd3 Nc4+ 19. Bxc4 Rxc4 20. c3 Kf8 1/2-1/2

[Event "Outaouais-ch B"]
[Site "Gatineau CAN"]
[Date "2007.05.15"]
[Round "4"]
[White "Pilon, Robert"]
[Black "Jani, Louis"]
[Result "1-0"]
[WhiteElo "1583"]
[BlackElo "1409"]
[PlyCount "51"]
[GameId "2160767910693022"]
[EventDate "2007.04.24"]
[EventType "swiss"]
[EventRounds "6"]
[EventCountry "CAN"]
[SourceTitle "EXT 2022"]
[Source "ChessBase"]
[SourceDate "2021.10.06"]
[SourceVersion "1"]
[SourceVersionDate "2021.10.06"]
[SourceQuality "1"]

1. e4 c5 2. c3 Nf6 3. e5 Nd5 4. Bc4 Nb6 5. Bb3 c4 6. Bc2 Nc6 7. Nf3 e6 8. d4 cxd3 9. Bxd3 d6 10. Bf4 Nd5 11. Bg3 a6 12. O-O dxe5 13. Nxe5 Nxe5 14. Bxe5 f6 15. Bg3 Bc5 16. Qh5+ Ke7 17. Re1 Bd6 18. Qxd5 Bxg3 19. Qe4 Bd6 20. Bc4 f5 21. Qxf5 Qd7 22. Qg4 Kd8 23. Bxe6 Qc7 24. Qg5+ Ke8 25. Bxc8+ Kf7 26. Qf5+ 1-0

[Event "Outaouais-ch B"]
[Site "Gatineau CAN"]
[Date "2007.05.15"]
[Round "4"]
[White "Rainey, Ivan"]
[Black "Dupont, Claude"]
[Result "0-1"]
[WhiteElo "1229"]
[BlackElo "1430"]
[PlyCount "30"]
[GameId "2160767910693023"]
[EventDate "2007.04.24"]
[EventType "swiss"]
[EventRounds "6"]
[EventCountry "CAN"]
[SourceTitle "EXT 2022"]
[Source "ChessBase"]
[SourceDate "2021.10.06"]
[SourceVersion "1"]
[SourceVersionDate "2021.10.06"]
[SourceQuality "1"]

1. e4 c5 2. Nf3 d6 3. d4 cxd4 4. Nxd4 Nc6 5. Bb5 Bd7 6. Bxc6 bxc6 7. Be3 c5 8. Nb3 g6 9. Nc3 Bg7 10. f4 Bc6 11. Qd3 Nh6 12. h3 f5 13. O-O-O O-O 14. Rhg1 Bxc3 15. Qxc3 Bxe4 0-1

[Event "Outaouais-ch B"]
[Site "Gatineau CAN"]
[Date "2007.05.15"]
[Round "4"]
[White "Toulouse, Raphael"]
[Black "Arsenault, Yves"]
[Result "0-1"]
[WhiteElo "1252"]
[BlackElo "1458"]
[PlyCount "110"]
[GameId "2160767910693024"]
[EventDate "2007.04.24"]
[EventType "swiss"]
[EventRounds "6"]
[EventCountry "CAN"]
[SourceTitle "EXT 2022"]
[Source "ChessBase"]
[SourceDate "2021.10.06"]
[SourceVersion "1"]
[SourceVersionDate "2021.10.06"]
[SourceQuality "1"]

1. d4 Nf6 2. Nf3 d5 3. c4 c6 4. e3 e6 5. Bd3 Be7 6. O-O Nbd7 7. Nbd2 Nb6 8. Ne5 dxc4 9. Ndxc4 Nxc4 10. Nxc4 Qd5 11. Ne5 b5 12. Qf3 Bb7 13. Qxd5 Nxd5 14. Bd2 f6 15. Nf3 a6 16. Be4 O-O 17. Rac1 Bd6 18. a3 Ne7 19. Ba5 Rac8 20. Bb6 f5 21. Bd3 Rf6 22. Bc5 Bxc5 23. dxc5 Rd8 24. Rcd1 Ng6 25. Bc2 Rxd1 26. Rxd1 Rf8 27. Ng5 Re8 28. Nxe6 Bc8 29. Nd8 Ne7 30. Bb3+ Kf8 31. Bf7 Rxd8 32. Rxd8+ Kxf7 33. f4 a5 34. Rd6 a4 35. Kf2 Be6 36. Ke2 Bd5 37. g3 Be4 38. Kd2 h6 39. h4 Ng8 40. Rd7+ Kg6 41. h5+ Kf6 42. Rd6+ Ke7 43. Rg6 Kf7 44. g4 fxg4 45. Rxg4 Nf6 46. Rh4 Bf3 47. Rh3 Bg4 48. Rh4 Bxh5 49. f5 Bg4 50. Kc3 Bxf5 51. Rd4 g5 52. Rd6 Ne4+ 53. Kd4 Nxd6 54. cxd6 Bd7 55. e4 Ke6 0-1

[Event "Outaouais-ch B"]
[Site "Gatineau CAN"]
[Date "2007.05.22"]
[Round "5"]
[White "Arsenault, Yves"]
[Black "Berthiaume, Serge"]
[Result "0-1"]
[WhiteElo "1458"]
[BlackElo "1229"]
[PlyCount "100"]
[GameId "2160767910693025"]
[EventDate "2007.04.24"]
[EventType "swiss"]
[EventRounds "6"]
[EventCountry "CAN"]
[SourceTitle "EXT 2022"]
[Source "ChessBase"]
[SourceDate "2021.10.06"]
[SourceVersion "1"]
[SourceVersionDate "2021.10.06"]
[SourceQuality "1"]

1. e4 e5 2. Nf3 Nc6 3. Bb5 Nf6 4. Nc3 Bc5 5. O-O O-O 6. d3 Nd4 7. Nxd4 Bxd4 8. Ne2 Bb6 9. Bg5 c6 10. Ba4 d5 11. Ng3 Qd6 12. Qd2 d4 13. Rfe1 Bc5 14. a3 a5 15. f4 Ng4 16. fxe5 Nxe5 17. Bf4 f6 18. Bb3+ Kh8 19. Nf5 Bxf5 20. exf5 b5 21. Re4 a4 22. Be6 b4 23. Qe2 bxa3 24. bxa3 Bxa3 25. Bxe5 fxe5 26. Rxe5 Bb2 27. Ra2 Bc3 28. Bc4 a3 29. Re6 Qc5 30. g4 Rab8 31. Bb3 Bb2 32. Qd1 Qb5 33. h4 c5 34. Re5 Rbe8 35. Rxe8 Rxe8 36. Kf2 Re3 37. h5 Qb8 38. Qg1 Qf4+ 39. Kg2 Rg3+ 40. Kh1 Rxg1+ 41. Kxg1 Qxg4+ 42. Kf2 Qxf5+ 43. Kg3 Qxh5 44. Kf4 g5+ 45. Kf5 g4+ 46. Ke6 g3 47. Bd5 Qg5 48. Kd6 g2 49. Bxg2 Qxg2 50. Kxc5 Qxc2+ 0-1

[Event "Outaouais-ch B"]
[Site "Gatineau CAN"]
[Date "2007.05.22"]
[Round "5"]
[White "Berthiaume, Patrick"]
[Black "Rainey, Ivan"]
[Result "0-1"]
[WhiteElo "1041"]
[BlackElo "1229"]
[PlyCount "68"]
[GameId "2160767910693026"]
[EventDate "2007.04.24"]
[EventType "swiss"]
[EventRounds "6"]
[EventCountry "CAN"]
[SourceTitle "EXT 2022"]
[Source "ChessBase"]
[SourceDate "2021.10.06"]
[SourceVersion "1"]
[SourceVersionDate "2021.10.06"]
[SourceQuality "1"]

1. d4 d5 2. c4 c6 3. Nc3 Nf6 4. Nf3 Bf5 5. cxd5 cxd5 6. Bf4 Nc6 7. a3 a6 8. e3 e6 9. Bd3 Bxd3 10. Qxd3 Be7 11. O-O Nh5 12. Be5 f6 13. Bg3 Nxg3 14. fxg3 O-O 15. Nd2 Qd7 16. e4 dxe4 17. Ndxe4 Qxd4+ 18. Qxd4 Nxd4 19. Rfd1 Rfd8 20. b4 f5 21. Nc5 b6 22. Nd3 Bf6 23. Nf4 Nb3 24. Rxd8+ Rxd8 25. Nxe6 Nxa1 26. Nxd8 Bxc3 27. Nc6 Nc2 28. a4 Nxb4 29. Nxb4 Bxb4 30. Kf2 Kf7 31. Ke3 Ke6 32. Kd4 Kd6 33. Kc4 Bc5 34. h4 Bf2 0-1

[Event "Outaouais-ch B"]
[Site "Gatineau CAN"]
[Date "2007.05.22"]
[Round "5"]
[White "Blouin, Francois"]
[Black "Baril Boudreau, Felix"]
[Result "1/2-1/2"]
[WhiteElo "1533"]
[BlackElo "1427"]
[PlyCount "77"]
[GameId "2160767910693027"]
[EventDate "2007.04.24"]
[EventType "swiss"]
[EventRounds "6"]
[EventCountry "CAN"]
[SourceTitle "EXT 2022"]
[Source "ChessBase"]
[SourceDate "2021.10.06"]
[SourceVersion "1"]
[SourceVersionDate "2021.10.06"]
[SourceQuality "1"]

1. e4 c5 2. Nc3 Nc6 3. g3 g6 4. Bg2 Bg7 5. d3 d6 6. Be3 Nf6 7. h3 O-O 8. Qd2 Re8 9. Nge2 Rb8 10. Rb1 b5 11. a3 a5 12. O-O Bd7 13. a4 b4 14. Nd1 Qb6 15. b3 Nd4 16. Nb2 Be6 17. Nf4 Bc8 18. Nc4 Qa7 19. Kh2 Ne6 20. Qe2 Nxf4 21. Bxf4 Nd7 22. Rbe1 Ne5 23. Nxe5 Bxe5 24. Bxe5 dxe5 25. f4 exf4 26. Rxf4 e5 27. Rf6 Rb6 28. Ref1 Rxf6 29. Rxf6 Re6 30. Rf2 Qe7 31. h4 Rf6 32. Bh3 Bxh3 33. Kxh3 Kg7 34. Kg2 Rxf2+ 35. Qxf2 Qd6 36. g4 Qd4 37. Qxd4 cxd4 38. Kg3 h5 39. g5 1/2-1/2